|
|
|
|
| LEADER |
00000nam a2200000Ii 4500 |
| 001 |
DIGBRUJ134 |
| 003 |
NyNyDIG |
| 006 |
m o d |
| 007 |
cr ||||||||||| |
| 008 |
220301s2016 ag ob 000 0 spa d |
| 035 |
|
|
|a (OCoLC)994791819
|
| 040 |
|
|
|a DGITA
|b eng
|e rda
|e pn
|c DGITA
|
| 020 |
|
|
|a 9789875916838
|q eBook
|q pdf
|
| 020 |
|
|
|z 9789871432431
|
| 050 |
1 |
4 |
|a LB2322.2 ebook
|
| 082 |
0 |
4 |
|a 378
|
| 100 |
1 |
|
|a Rinaudo, María Cristina,
|e author.
|
| 245 |
1 |
0 |
|a Para aprender en la universidad /
|c María Cristina Rinaudo.
|
| 264 |
|
1 |
|a Córdoba, Argentina :
|b Editorial Brujas,
|c [2016]
|
| 250 |
|
|
|a 1a. edición.
|
| 300 |
|
|
|a 1 online resource.
|
| 336 |
|
|
|a text
|b txt
|2 rdacontent
|
| 337 |
|
|
|a computer
|b c
|2 rdamedia
|
| 338 |
|
|
|a online resource
|b cr
|2 rdacarrier
|
| 347 |
|
|
|a text file
|2 rdaft
|
| 347 |
|
|
|b PDF
|
| 504 |
|
|
|a Includes bibliographical references.
|
| 588 |
0 |
|
|a Online resource; title from PDF title page (Digitalia, viewed March 1, 2022)
|
| 650 |
|
0 |
|a Universities and colleges.
|
| 650 |
|
0 |
|a College students.
|
| 650 |
|
0 |
|a Education, Higher.
|
| 655 |
|
0 |
|a Electronic books.
|
| 791 |
2 |
|
|a Digitalia (Firm),
|e distributor.
|
| 793 |
0 |
|
|g Digitalia eBook Collection:
|a Editorial Brujas
|
| 776 |
0 |
8 |
|i Print version:
|a Rinaudo, María Cristina.
|t Para aprender en la Universidad.
|d Córdoba, Argentina : Editorial Brujas, [2016]
|z 9789871432431
|
| 856 |
4 |
0 |
|3 Digitalia Hispánica
|u https://www.digitaliapublishing.com/a/41821/
|
| 910 |
|
|
|a Premium collection: 2022
|